Информационные технологии как элемент тайм-менеджмента в работе секретаря-референта; Информационные технологии в науке, управлении, социальной сфере и медицине

Bibliografski detalji
Parent link:Информационные технологии в науке, управлении, социальной сфере и медицине.— 2015.— [С. 576-578]
Glavni autor: Шатохина Е. А.
Autor kompanije: Национальный исследовательский Томский политехнический университет (ТПУ)
Sažetak:Заглавие с титульного экрана
This article talks about irregular working hours as life-style of assistant manager. Author of article using books of time-management makes recommendations for planning working and personal time. Also, inarticle an author giving an examples to programs for smartphones and computers which helping in planningtime. Due to a negative consequents of irregular working hours to psyche of human and heath in all, authorin this article have telling about prophylaxis and fight with stress. Author gives us a recommendations forfalling level of tense anxiety. All it is an advises provides an opportunity to increase efficiency a work underfalling level of stress in life of assistant manager.
Jezik:ruski
Izdano: 2015
Serija:Информационные технологии в государственном управлении и социальной сфере
Teme:
Online pristup:http://earchive.tpu.ru/handle/11683/17240
http://www.lib.tpu.ru/fulltext/c/2015/C24/249.pdf
Format: MixedMaterials Elektronički Poglavlje knjige
KOHA link:https://koha.lib.tpu.ru/cgi-bin/koha/opac-detail.pl?biblionumber=614020

MARC

LEADER 00000naa2a2200000 4500
001 614020
005 20231101132804.0
035 |a (RuTPU)RU\TPU\conf\12178 
035 |a RU\TPU\conf\12176 
090 |a 614020 
100 |a 20150904d2015 k y0rusy50 ca 
101 0 |a rus  |d eng 
102 |a RU 
105 |a y z 101zy 
135 |a drcn ---uucaa 
181 0 |a i  
182 0 |a b 
200 1 |a Информационные технологии как элемент тайм-менеджмента в работе секретаря-референта  |d Information technology as part time management in the secretaries  |f Е. А. Шатохина 
203 |a Текст  |c электронный 
225 1 |a Информационные технологии в государственном управлении и социальной сфере 
230 |a 1 компьютерный файл (pdf; 353 Kb) 
300 |a Заглавие с титульного экрана 
320 |a [Библиогр.: с. 578 (5 назв.)] 
330 |a This article talks about irregular working hours as life-style of assistant manager. Author of article using books of time-management makes recommendations for planning working and personal time. Also, inarticle an author giving an examples to programs for smartphones and computers which helping in planningtime. Due to a negative consequents of irregular working hours to psyche of human and heath in all, authorin this article have telling about prophylaxis and fight with stress. Author gives us a recommendations forfalling level of tense anxiety. All it is an advises provides an opportunity to increase efficiency a work underfalling level of stress in life of assistant manager. 
337 |a Adobe Reader 
463 0 |0 (RuTPU)RU\TPU\conf\11725  |t Информационные технологии в науке, управлении, социальной сфере и медицине  |o сборник научных трудов II Международной конференции, 19-22 мая 2015 г., Томск  |f Национальный исследовательский Томский политехнический университет (ТПУ) ; ред. кол. О. Г. Берестнева [и др.]  |v [С. 576-578]  |d 2015 
510 1 |a Information technology as part time management in the secretaries  |z eng 
610 1 |a труды учёных ТПУ 
610 1 |a электронный ресурс 
610 1 |a информационные системы 
610 1 |a информационные технологии 
610 1 |a тайм-менеджмент 
610 1 |a секретари-референты 
610 1 |a рабочий день 
610 1 |a рекрутинг 
700 1 |a Шатохина  |b Е. А. 
712 0 2 |a Национальный исследовательский Томский политехнический университет (ТПУ)  |c (2009- )  |2 stltpush  |3 (RuTPU)RU\TPU\col\15902 
801 2 |a RU  |b 63413507  |c 20210129  |g RCR 
856 4 |u http://earchive.tpu.ru/handle/11683/17240 
856 4 |u http://www.lib.tpu.ru/fulltext/c/2015/C24/249.pdf 
942 |c BK